Health situation and problems of health development : (Record no. 14769)
[ view plain ]
| 000 -LEADER | |
|---|---|
| fixed length control field | 00457nam a2200145Ia 4500 |
| 082 ## - DEWEY DECIMAL CLASSIFICATION NUMBER | |
| Classification number | RB.0094 |
| 100 ## - MAIN ENTRY--AUTHOR NAME | |
| Personal name | Bose, Sukla |
| 245 #0 - TITLE STATEMENT | |
| Title | Health situation and problems of health development : |
| Sub Title | A study of a village in Bengal |
| 260 ## - PUBLICATION, DISTRIBUTION, ETC. (IMPRINT) | |
| Year of publication | 1979 |
| Name of publisher | ICSSR, New Delhi |
| 300 ## - PHYSICAL DESCRIPTION | |
| Number of Pages | 73p. |
| 650 ## - SUBJECT ADDED ENTRY--TOPICAL TERM | |
| Topical Term | MEDICAL CARE - WEST BENGAL - BELGHARIA |
| 650 ## - SUBJECT ADDED ENTRY--TOPICAL TERM | |
| Topical Term | HEALTH FACILITIES - WEST BENGAL - BELGHARIA |
| 710 ## - ADDED ENTRY--CORPORATE NAME | |
| Corporate name or jurisdiction name as entry element | Centre for Social Studies, Surat |
| 942 ## - ADDED ENTRY ELEMENTS (KOHA) | |
| Koha item type | Research Reports |
| Source of classification or shelving scheme | Dewey Decimal Classification |
| Withdrawn status | Lost status | Damaged status | Not for loan | Collection code | Home library | Current library | Date acquired | Full call number | Accession Number | Price effective from | Koha item type |
|---|---|---|---|---|---|---|---|---|---|---|---|
| Not For Loan | Minor Research project Reports | NASSDOC Library | NASSDOC Library | 08/10/2004 | RB.0094 | 12860 | 18/04/2019 | Research Reports |
